|
|
|
|
| LEADER |
01406nam a2200253 a 4500 |
| 001 |
GR-Patra15624 |
| 008 |
030708s gr g b 000 0 gre d |
| 020 |
|
|
|a 9603304050
|
| 040 |
|
|
|a GrPaTEI
|b gre
|c GR-PaULI
|
| 040 |
|
|
|a GrPaTEI
|b gre
|c GR-PaULI
|
| 082 |
|
0 |
|a 346.045
|2 21
|
| 100 |
1 |
|
|a Φούντας, Γρηγόρης Χ.
|
| 245 |
1 |
0 |
|a Γενικός οικοδομικός και κτιριοδομικός κανονισμός /
|c Γρηγ. Χρ. Φούντας.
|
| 260 |
|
|
|a [Αθήνα] :
|b Fountas,
|c [200-]
|
| 300 |
|
|
|a 352σ. :
|b σχημ.
|
| 504 |
|
|
|a Περιλαμβάνει βιβλιογραφία.
|
| 650 |
|
4 |
|a Οικοδομικη
|x δίκαιο και νομοθεσία
|
| 710 |
0 |
|
|a Fountas
|
| 942 |
|
|
|2 ddc
|
| 952 |
|
|
|0 0
|1 0
|2 ddc
|4 0
|6 346_045000000000000_ΦΟΥ
|7 0
|9 294957
|a LISK
|b LISK
|c BSC
|d 2021-01-17
|e 24
|f 0
|g 0.00
|l 0
|o 346.045 ΦΟΥ
|p 92410020259
|r 2021-01-17 00:00:00
|t 1
|w 2021-01-17
|y BK15
|x 20030708 0 1
|x GrPaTEI
|
| 952 |
|
|
|0 0
|1 0
|2 ddc
|4 0
|6 346_045000000000000_ΦΟΥ
|7 0
|9 294958
|a LISK
|b LISK
|c BSC
|d 2021-01-17
|e 24
|f 0
|g 0.00
|l 0
|o 346.045 ΦΟΥ
|p 92410020260
|r 2021-01-17 00:00:00
|t 1
|w 2021-01-17
|y BK15
|x 20030708 0 1
|x GrPaTEI
|
| 952 |
|
|
|0 0
|1 0
|2 ddc
|4 0
|6 346_045000000000000_ΦΟΥ
|7 1
|9 294959
|a LISK
|b LISK
|c BSC
|d 2021-01-17
|e 24
|f 0
|g 0.00
|l 0
|o 346.045 ΦΟΥ
|p 92410020261
|r 2021-01-17 00:00:00
|t 1
|w 2021-01-17
|y BKN
|x 20030708 0 0
|x GrPaTEI
|
| 971 |
|
|
|a .b26631398
|b 15-04-20
|c 23-09-16
|
| 999 |
|
|
|c 172077
|d 172077
|